000 00462nam a22001817a 4500
003 MPLRDC
005 20220104124632.0
008 210129b ||||| |||| 00| 0 eng d
082 _a308 XSJ v.4
100 _a新世纪编辑小组主编
245 _a陆上动物的演化
_c
250 _a再版
260 _a
_b自然科学文化事业公司
_c1983
300 _b
490 _a新世纪丛书. 4
650 _a科学丛书
942 _cBK
_o308 XSJ v.4
999 _c20915
_d20905